Регионална библиотека "Любен Каравелов" - Русе

Правозащитни институции (Запис номер 50215)

MARC детайли
000 -Лидер
Контролно поле с фиксирана дължина 01757nam a2200373 c 4500
003 - Код на организацията, давaща контролен номер
Контролно поле BLK
005 - Дата и час на последна редакция
Контролно поле 20250412112826.0
008 - Елементи от данни с фиксирана дължина
fixed length control field 180408b bul|||||r ||||||| ||bul||
010 ## - Наследен системен номер
LC control number KNG00054086000
020 ## - Международен стандартен номер на книга ISBN
Международен стандартен номер на книга ISBN 954-730-257-4
-- издат.: Сиби
040 ## - Източник на каталожния запис
Идентификатор на билиотеката - собственик на записа BLK
041 ## - Код за език
Код за езика на текст/звукозапис или на отделно заглавие Български
Код за езика КДБФ Български
080 ## - УДК
Текстов определител УДК Съдопроизводство (Съдебна процедура). Съдоустройство (Организация на съдилищата и прокуратурата). Вж и 343. 1;344;348
УДК код - определител по УДК 347.9
УДК определител (075.8)
УДК - код + определител 347.9(075.8)
080 ## - УДК
Текстов определител УДК Основни задачи на общественото управление
УДК код - определител по УДК 351
УДК определител :347.9(094.9)
УДК - код + определител 351:347.9(094.9)
139 ## - Редно поле
Редна дума Начева, Снежана Аронова
Авторски знак Наче - Н 35
245 10 - Сведения за заглавието
Заглавие Правозащитни институции
Подзаглавни данни Уводна лекция ; Избрани нормативни актове ; Въпросник : Уч. помагало
Редно поле (дума) състав. и текст Снежана Аронова Начева.
250 ## - Област на изданието
Сведения за изданието 2. прераб. и доп. изд.
257 ## - Страна на издаване
Страна на създаване/издаване България
260 ## - Област на издателските данни
-- София
Име на издателя, разпространителя и проч. Сиби
Година на издаване 2005
Печатница София : Симолини
300 ## - Физическа характеристика
Страници 298 с.
Размери/Мащаб 20 см
380 ## - Жанр
Жанр Обществени науки
500 ## - Общи забележки
Забележка 1. изд. 2000. - Офс. изд.
650 #4 - Допълнително описание по предмет – тема
Основно описание – тема или топоним Право - учреждения и организации
9 (RLIN) 283063
653 ## - Ключова дума – ненормативна
Ключова дума право
653 ## - Ключова дума – ненормативна
Ключова дума правозащитни институции
653 ## - Ключова дума – ненормативна
Ключова дума учебници за ВУЗ
700 1# - Други автори (авторска отговорност)
Лично име Начева, Снежана Аронова
Автороска отговорност (Описва отношението между автора и произведението) състав. и текст
9 (RLIN) 283062
852 ## - Местоположение
Форматна сигнатура Цб 223903
856 4# - Електронен адрес и достъп
Електронен формат pdf - файл
Път до файла /url/
856 4# - Електронен адрес и достъп
Електронен формат pdf - файл
Път до файла /url/
942 ## - АРТИКУЛИ
Вид на библиотечния материал Книги
Скрит в OPAC Не
Koha issues (borrowed), all copies 7
944 ## - СЪЗДАВАНЕ И РЕДАКЦИЯ на ЗАПИСА
Създаване/Редакция Създаване
Дата на регистрацията/редакция 31.05.2005
Служител, извършил регистрацията/редакцията 30546
Статус, дата на статуса Ренета Константинова
944 ## - СЪЗДАВАНЕ И РЕДАКЦИЯ на ЗАПИСА
Създаване/Редакция Редакция
Дата на регистрацията/редакция 30.06.2006
Служител, извършил регистрацията/редакцията
999 ## - СИСТЕМНИ КОНТРОЛНИ НОМЕРА
Koha biblionumber 50215
Koha biblioitemnumber 50215
Наличности
Код за отписване Код за изгубен артикул Код за повреда Коз за рестрикции Код за отдаване Артикулен № Име на библиотеката - собственик Име на библиотеката, в която се намира в момента Статус (Текущо местоположение) Дата на вписване в системата Местоположение - отдел Цена в лева Инвентарен номер Систематично азбучна сигнатура Баркод Номер на екземпляра Цена в евро Служебна бележка Служебен тип на артикула
  Не е изгубен Не е повреден без рестрикции ползва се в читалня 78546 Регионална библиотека "Любен Каравелов" Русе Регионална библиотека "Любен Каравелов" Русе Читалня 2005-05-31 Читалня 6.90 120000694556 Ч 347/Н 35 120000694556 1 3.53 Дост: Pk Вид: Ф N: 3 Дата: 31.05.2005 Дата инв: 29.03.2017 Бележки инв: Ч2017 Книги
  Не е изгубен Не е повреден без рестрикции заемане за дома 78547 Регионална библиотека "Любен Каравелов" Русе Регионална библиотека "Любен Каравелов" Русе Заемна - подръчен фонд 2006-05-30 Заемна - подръчен фонд 6.90 120000702559 П 347/Н 35 120000702559 2 3.53 Дост: Pk Вид: Ф N: 41136 Дата: 29.05.2006 Дата инв: 05.02.2018 Бележки инв: П2018 Книги
  Не е изгубен Не е повреден без рестрикции ползва се в читалня 78548 Регионална библиотека "Любен Каравелов" Русе Регионална библиотека "Любен Каравелов" Русе Хранилище 2006-06-23 Хранилище 6.90 120000703364 Цб 223903 120000703364 3 3.53 Дост: Dp Вид: Д N: 26 Дата: 15.06.2005 Книги
Vip Innovations Ltd, Rousse, Bulgaria 2025